Straßenbahnlinie 42 (Wien) - Statistiken

Allgemein
  • Dieses Quiz wurde 7 mal gespielt
  • Das Durchschnittsergebnis liegt bei 10 aus 11
Antwortstatistiken
Station % Korrekt
Antonigasse
100%
Schottentor
100%
Schwarzspanierstraße
100%
Sensengasse
100%
Spitalgasse
100%
Vinzenzgasse
100%
Währinger Straße, Volksoper
100%
Michelbeuern-AKH
80%
Sommarugagasse
80%
Eduardgasse
60%
Johann-Nepomuk-Vogl-Platz
60%
Keine übereinstimmenden Quizze gefunden
Verteilung der Resultate
Anzahl Personen mit jedem Resultat
Perzentil nach korrekt beantworteten Fragen
Ihre Resultats-Entwicklung
Sie haben dieses Quiz noch nicht gespielt